Tous les dirigeants des pays du monde - Statistiques

Statistiques générales
  • Ce quiz a été pris 169 fois
  • Le résultat moyen est 12 sur 195
Statistiques - réponses
Hint Réponse % Correct
France 🇫🇷 - Président Emmanuel Macron
91%
États-Unis 🇺🇲 - Président Joe Biden
65%
Russie 🇷🇺 - Président Valdimir Poutine
62%
Chine 🇨🇳 - Président Xi Jinping
50%
Allemagne 🇩🇪 - Chancelier Olaf Scholz
49%
Corée du Nord 🇰🇵 - Dirigeant suprême Kim Jong Un
44%
Brésil 🇧🇷 - Président Luiz Inácio Lula da Silva
43%
Italie 🇮🇹 - P.M. ♀️ Giorgia Meloni
41%
Canada 🇨🇦 - P.M. Justin Trudeau
33%
Hongrie 🇭🇺 - P.M. Viktor Orbán
31%
Ukraine 🇺🇦 - Président Volodymyr Zelensky
30%
Vatican 🇻🇦 - Pape Pape François
28%
Monaco 🇲🇨 - Prince Albert II
27%
Biélorussie 🇧🇾 - Président Alexandre Loukachenko
27%
Inde 🇮🇳 - P.M. Narendra Modi
23%
Espagne 🇪🇦 - P.M. Pedro Sánchez
23%
Argentine 🇦🇷 - Président Javier Milei
22%
Algérie 🇩🇿 - Président Abdelmadjid Tebboune
21%
Israël 🇮🇱 - P.M. Benjamin Netanyahu
21%
Maroc 🇲🇦 - Roi Mohammed VI
21%
Belgique 🇧🇪 - P.M. Alexander De Croo
16%
Albanie 🇦🇱 - P.M. Adi Rama
15%
Iran 🇮🇷 - Guide de la révolution / Président Ali Khamenei
12%
Rwanda 🇷🇼 - Président Paul Kagame
12%
Salvador 🇸🇻 - Président Nayib Bukele
10%
Syrie 🇸🇾 - Président Bachar al-Assad
9%
Danemark 🇩🇰 -P.M. ♀️ Mette Frederiksen
9%
Venezuela 🇻🇪 - Président Nicolás Maduro
9%
Égypte 🇪🇬 - Président Abdel Fattah el-Sisi
8%
Afrique du Sud 🇿🇦 - Président Cyril Ramaphosa
8%
Pologne 🇵🇱 - P.M. Donald Tusk
8%
Liechtenstein 🇱🇮 - Prince / Régent Hans-Adam II
8%
Estonie 🇪🇪 - P.M. ♀️ Kaja Kallas
8%
Autriche 🇦🇹 - Chancelier Karl Nehammer
8%
Cameroun 🇨🇲 - Président Paul Biya
8%
Finlande 🇫🇮 - P.M. Petteri Orpo
8%
Slovaquie 🇸🇰 - P.M. Robert Fico
8%
Croatie - P.M. Andrej Plenković
7%
Sénégal 🇸🇳 - Président Bassirou Diomaye Faye
7%
Burkina Faso 🇧🇫 - Président Ibrahim Traoré
7%
Norvège 🇧🇻 - P.M. Jonas Gahr Støre
7%
Pays-Bas 🇳🇱 - P.M. Mark Rutte
7%
Tanzanie 🇹🇿 - Présidente Samia Suluhu Hassan
7%
Andorre 🇦🇩 - P.M. Xavier Espot Zamora
7%
Bosnie-Herzégovine 🇧🇦 - Présidente Željka Cvijanović
7%
Kosovo 🇽🇰 - P.M. Albin Kurti
6%
Bulgarie 🇧🇬 - P.M. Dimitar Glavchev
6%
Lettonie 🇱🇻 - P.M. ♀️ Evika Siliņa
6%
Lituanie 🇱🇹 - Président Gitanas Nausėda
6%
Tunisie 🇹🇳 - Président Kaïs Saïed
6%
Grèce 🇬🇷 - P.M. Kyriákos Mitsotákis
6%
Portugal. 🇵🇹 - P.M. Luís Montenegro
6%
Palestine 🇵🇸 - Président Mahmoud Abbas
6%
République Tchèque 🇨🇿 - P.M. Petr Fiala
6%
Turquie 🇹🇷 - Président Recep Tayyip Erdoğan
6%
Malte 🇲🇹 - P.M. Robert Abela
6%
Slovénie 🇸🇮 - P.M. Robert Golob
6%
Irlande 🇮🇪 - Taoiseach / P.M. Simon Harris
6%
Suisse 🇨🇭 - Présidente de la confédération Viola Amherd
6%
Éthiopie 🇪🇹 - P.M. Abiy Ahmed
5%
Mexique 🇲🇽 - Président Andrés Manuel López Obrador
5%
Islande 🇮🇸 - P.M. Bjarni Benediktsson
5%
Moldavie 🇲🇩 - P.M. Dorin Recean
5%
Macédoine du Nord 🇲🇰 - P.M. Hristijan Mickoski
5%
Luxembourg 🇱🇺 - P.M. Luc Frieden
5%
Roumanie 🇷🇴 - P.M. Marcel Ciolacu
5%
Saint-Marin 🇸🇲 - Capitaine régente Milena Gasperoni
5%
Monténégro 🇲🇪 - P.M. Milojko Spajić
5%
Royaume-Uni 🇬🇧 - P.M. Rishi Shunak
5%
Suède 🇸🇪 - P.M. Ulf Kristersson
5%
Honduras 🇭🇳 - Présidente Xiomara Castro
5%
Côte d'Ivoire 🇨🇮 - Président Alassane Ouattara
3%
Australie 🇦🇺 - P.M. Anthony Albanese
3%
Chili 🇨🇱 - Président Gabriel Boric
3%
Bahreïn 🇧🇭 - Roi Hamad bin Isa Al Khalifa
3%
Azerbaïdjan 🇦🇿 - Président Ilham Aliyev
3%
Serbie 🇷🇸 - P.M. Miloš Vučević
3%
Mali 🇲🇱 - Président Assimi Goïta
2%
Nouvelle-Zélande 🇳🇿 - P.M. Christopher Luxon
2%
Congo-Brazzaville 🇨🇬 - Président Denis Sassou Nguesso
2%
Tuvalu 🇹🇻 - P.M. Feleti Teo
2%
Colombie 🇨🇴 - Président Gustavo Petro
2%
Afghanistan 🇦🇫 - Émir Hibatullah Akhundzada
2%
Erythrée 🇪🇷 - Président Isaias Afwerki
2%
Indonésie 🇮🇩 - Président Joko Widodo
2%
Bénin 🇧🇯 - Président Patrice Talon
2%
Corée du Sud 🇰🇷 - Président Yoon Suk-yeol
2%
Soudan 🇸🇩 - Président Abdel Fattah al-Burhan
1%
Niger 🇳🇪 - P.M. Abdourahamane Tchiani
1%
Madagascar 🇲🇬 - Président Andry Rajoelina
1%
Gabon 🇬🇦 - Président Brice Oligui Nguema
1%
Équateur 🇪🇨 - Président Daniel Noboa
1%
Nauru 🇳🇷 - Président David Adeang
1%
Pérou 🇵🇪 - Présidente Dina Boluarte
1%
Zimbabwe 🇿🇼 - Président Emmerson Mnangagwa
1%
Congo-Kinshasa 🇨🇩 - Président Félix Tshisekedi
1%
Japon 🇯🇵 - P.M. Fumio Kishida
1%
Antigua-et-Barbuda 🇦🇬 - P.M. Gaston Browne
1%
Djibouti 🇩🇯 - Président Ismaïl Omar Guelleh
1%
Angola 🇦🇴 - Président João Lourenço
1%
Belize 🇧🇿 - P.M. Johnny Briceño
1%
Bolivie 🇧🇴 - Président Luis Arce
1%
Tchad 🇹🇩 - Président Mahamat Déby
1%
Guinée 🇬🇳 - Président Mamady Doumbouya
1%
Barbade 🇧🇧 - P.M. ♀️ Mia Mottley
1%
Ghana 🇬🇭 - Président Nana Akufo-Addo
1%
Eswatini 🇸🇿 - Roi Ngwenyama
1%
Bahamas 🇧🇸 - P.M. Philip Davis
1%
Vietnam 🇻🇳 - Président Tô Lâm
1%
Bhoutan 🇧🇹 - P.M. Tshering Tobgay
1%
Cap-Vert 🇨🇻 - Président Ulisses Correia e Silva
1%
Kenya 🇰🇪 - Président William Ruto
1%
Ouganda 🇺🇬 - Président Yoweri Museveni
1%
Libye 🇱🇾 - Président Abdul Hamid Dbeibeh
0%
Jordanie 🇯🇴 - Roi Abdullah II
0%
Gambie 🇬🇲 - Président Adama Barrow
0%
Jamaïque 🇯🇲 - P.M. Andrew Holness
0%
Malaisie 🇲🇾 - P.M. Anwar Ibrahim
0%
Comores 🇰🇲 - Président Azali Assoumani
0%
Guatemala 🇬🇹 - Président Bernardo Arévalo
0%
Nigeria 🇳🇬 - Président Bola Tinubu
0%
Philippines 🇵🇭 - Président Bongbong Marcos
0%
Suriname 🇸🇷 - Président Chan Santokhi
0%
Vanuatu 🇻🇺 - P.M. Charlot Salwai
0%
Nicaragua 🇳🇮 - Président Daniel Ortega
0%
Grenade 🇻🇨 - P.M. Dickon Mitchell
0%
Haïti 🇭🇹 - Président Edgard Leblanc Fils
0%
Tadjikistan 🇹🇯 - Président Emomali Rahmon
0%
Burundi 🇧🇮 - Président Évariste Ndayishimiye
0%
Togo 🇹🇬 - Président Faure Gnassingbé
0%
Centrafrique 🇨🇫 - Président Faustin-Archange Touadéra
0%
Samoa 🇼🇸 - P.M. ♀️ Fiamē Naomi Mataʻafa
0%
Mozambique 🇲🇿 - Président Filipe Nyusi
0%
Oman 🇴🇲 - Sultan Haitham bin Tariq
0%
Zambie 🇿🇲 - Président Hakainde Hichilema
0%
Somalie 🇸🇴 - Président Hamza Abdi Barre
0%
Brunei 🇧🇳 - Sultan Hassanal Bolkiah
0%
Îles Marshall 🇲🇭 - Présidente Hilda Heine
0%
Cambodge 🇰🇭 - P.M. Hun Manet
0%
Géorgie 🇬🇪 - P.M. Irakli Kobakhidze
0%
Guyana 🇬🇾 - Président Irfaan Ali
0%
Papouasie-Nouvelle-Guinée 🇵🇬 - P.M. James Marape
0%
Îles Salomon 🇸🇧 - P.M. Jeremiah Manele
0%
Liberia 🇱🇷 - Président Joseph Boakai
0%
Panama 🇵🇦 - Président José Raúl Mulino
0%
Sierra-Leone 🇸🇱 - Président Julius Maada Bio
0%
Kazakhstan 🇰🇿 - Président Kassym-Jomart Tokayev
0%
Trinité-et-Tobago 🇹🇹 - P.M. Keith Rowley
0%
Taïwan 🇹🇼 - Président Lai Ching-te
0%
Malawi 🇲🇼 - Président Lazarus Chakwera
0%
République dominicaine 🇩🇴 - Président Luis Abinader
0%
Uruguay 🇺🇾 - Président Luis Lacalle Pou
0%
Mongolie 🇲🇳 - P.M. Luvsannamsrain Oyun-Erdene
0%
Cuba 🇨🇺 - Président Miguel Díaz-Canel
0%
Myanmar 🇲🇲 - Président du Conseil administratif d'État Min Aung Hlaing
0%
Koweït 🇰🇼 - Émir Mishal Al-Ahmad Al-Jaber Al-Sabah
0%
Émirats arabes unis 🇦🇪 - Président Mohamed bin Zayed Al Nahyan
0%
Maldives 🇲🇻 - Président Mohamed Muizzu
0%
Mauritanie 🇲🇷 - Président Mohamed Ould Ghazouani
0%
Irak 🇮🇶 - P.M. Mohammed Shia' Al Sudani
0%
Botswana 🇧🇼 - Président Mokgweetsi Masisi
0%
Liban 🇱🇧 - P.M. Najib Mikati
0%
Namibie 🇳🇦 - Président Nangolo Mbumba
0%
Arménie 🇦🇲 - P.M. Nikol Pashinyan
0%
Chypre 🇨🇾 - Président Nikos Christodoulides
0%
São Tomé-et-Príncipe 🇸🇹 - P.M. Patrice Trovoada
0%
Sainte-Lucie - P.M. Philip Joseph Pierre
0%
Maurice 🇲🇺 - P.M. Pravind Jugnauth
0%
Népal 🇳🇵 - P.M. Pushpa Kamal Dahal
0%
Yémen 🇾🇪 - Président du conseil de direction présidentiel Rachad al-Alimi
0%
Saint-Christophe-et-Niévès 🇰🇳 - P.M. Ralph Gonsalves
0%
Sri Lanka 🇱🇰 - Président Ranil Wickremesinghe
0%
Costa Rica 🇨🇷 - Président Rodrigo Chaves Robles
0%
Dominique 🇩🇲 - P.M. Roosevelt Skerrit
0%
Kirghizistan 🇰🇬 - Président Sadyr Japarov
0%
Soudan du Sud 🇸🇸 - Président Salva Kiir Mayardit
0%
Lesotho 🇱🇸 - P.M. Sam Matekane
0%
Paraguay 🇵🇾 - Président Santiago Peña
0%
Turkménistan 🇹🇲 - Président Serdar Berdimuhamedow
0%
Ouzbékistan 🇺🇿 - Président Shavkat Mirziyoyev
0%
Pakistan 🇵🇰 - P.M. Shehbaz Sharif
0%
Bangladesh 🇧🇩 - P.M. ♀️ Sheikh Hasina
0%
Tonga 🇹🇴 - P.M. Siaosi Sovaleni
0%
Fidji 🇫🇯 - P.M. Sitiveni Rabuka
0%
Thaïlande 🇹🇭 - P.M. Srettha Thavisin
0%
Palaos 🇵🇼 - Président Surangel Whipps Jr.
0%
Qatar 🇶🇦 - Émir Tamim bin Hamad Al Thani
0%
Kiribati 🇰🇮 - Président Taneti Maamau
0%
Guinée équatoriale 🇬🇶 - Président Teodoro Obiang Nguema Mbasogo
0%
Saint-Vincent et les Grenadines 🇻🇨 - P.M. Terrance Drew
0%
Laos 🇱🇦 - Président / Secrétaire général Thongloun Sisoulith
0%
Guinée-Bissau 🇬🇼 - Président Umaro Sissoco Embaló
0%
Seychelles 🇸🇨 - Président Wavel Ramkalawan
0%
Micronésie 🇫🇲 - Président Wesley Simina
0%
Timor-oriental 🇹🇱 - P.M. Xanana Gusmão
0%
Aucun quiz correspondant
Distribution des résultats
% des personnes avec chaque résultat
Percentile par nombre de réponses
Votre historique - résultats
Vous n’avez pas pris ce quiz